Hobo Names: Real or Fake Quiz Stats

 Plays Quiz not verified by Sporcle

Score 0/10 Timer 02:00
0 Plays Today
% Correct
Hobo Joe
63.9%
Gas Can Paddy
63.9%
Cinderbox Cindy
60.7%
Minneapolis Jewel
57.4%
Steam Train Maury
55.7%
Iowa Blackie
55.7%
Liberty Justice
47.5%
Fishbones
45.9%
Mountain Dew
44.3%
Connecticut Slim
44.3%

You're not logged in!

Compare scores with friends on all Sporcle quizzes.
OR
Log In

Sporcle TV

Today on Sporcle TV


Watch our educational content, quiz creation guides, and fun videos on Sporcle TV.

Show Comments

Extras

Created Jan 15, 2015SourceReportNominate

Top Quizzes Today


Score Distribution

Your Account Isn't Verified!

In order to create a playlist on Sporcle, you need to verify the email address you used during registration. Go to your Sporcle Settings to finish the process.

Report this User

Report this user for behavior that violates our Community Guidelines.

Details: